[Event "8th Vellmar Chess Days"]
[Site "chess24.com"]
[Date "2016.07.31"]
[Round "7"]
[White "Ziegenfuss, Antonia"]
[Black "Rafiee, Kayvan"]
[Result "1/2-1/2"]
[Board "48"]
[WhiteElo "1728"]
[WhiteTeam "OSG Baden-Baden"]
[WhiteCountry "GER"]
[WhiteFideId "12962554"]
[WhiteEloChange "3"]
[BlackElo "1843"]
[BlackTeam "TG Wehlheiden"]
[BlackCountry "GER"]
[BlackFideId "4672879"]
[BlackEloChange "-3"]

1. e4 {[%clk 1:30:30]} c5 {[%clk 1:30:30]} 2. Nf3 {[%clk 1:30:30]} d6 {[%clk
1:30:30]} 3. d4 {[%clk 1:30:30]} cxd4 {[%clk 1:30:30]} 4. Nxd4 {[%clk 1:30:30]}
Nf6 {[%clk 1:30:30]} 5. f3 {[%clk 1:30:30]} e5 {[%clk 1:30:30]} 6. Bb5+ {[%clk
1:30:30]} Bd7 {[%clk 1:30:30]} 7. Bxd7+ {[%clk 1:30:30]} Qxd7 {[%clk 1:30:30]} 8.
Nf5 {[%clk 1:30:30]} d5 {[%clk 1:30:30]} 9. Bg5 {[%clk 1:30:30]} dxe4 {[%clk
1:30:30]} 10. Bxf6 {[%clk 1:30:30]} Qxd1+ {[%clk 1:30:30]} 11. Kxd1 {[%clk
1:30:30]} gxf6 {[%clk 1:30:30]} 12. fxe4 {[%clk 1:30:30]} Nc6 {[%clk 1:30:30]}
13. c3 {[%clk 1:30:30]} Rg8 {[%clk 1:30:30]} 14. g3 {[%clk 1:30:30]} Rg4 {[%clk
1:30:30]} 15. Nd2 {[%clk 1:30:30]} O-O-O {[%clk 1:30:30]} 16. Ke2 {[%clk
1:30:30]} Ne7 {[%clk 1:30:30]} 17. Nxe7+ {[%clk 1:30:30]} Bxe7 {[%clk 1:30:30]}
18. Rad1 {[%clk 1:30:30]} h5 {[%clk 1:30:30]} 19. Kf3 {[%clk 1:30:30]} Rd3+
{[%clk 1:30:30]} 20. Ke2 {[%clk 1:30:30]} Rd8 {[%clk 1:30:30]} 21. Rdg1 {[%clk
1:30:30]} Bc5 {[%clk 1:30:30]} 22. Rf1 {[%clk 1:30:30]} Be7 {[%clk 1:30:30]} 23.
Rfg1 {[%clk 1:30:30]} Bc5 {[%clk 1:30:30]} 1/2-1/2

[Event "8th Vellmar Chess Days"]
[Site "chess24.com"]
[Date "2016.07.31"]
[Round "7"]
[White "Kuschel, Heidi"]
[Black "Beyer, Nils"]
[Result "1/2-1/2"]
[Board "50"]
[WhiteElo "1730"]
[WhiteTeam "SVG Lauterbach"]
[WhiteCountry "GER"]
[WhiteFideId "12974587"]
[WhiteEloChange "4"]
[BlackElo "1875"]
[BlackTeam "SVG Caissa Kassel"]
[BlackCountry "GER"]
[BlackFideId "12995355"]
[BlackEloChange "-4"]

1. Nf3 {[%clk 1:30:30]} c5 {[%clk 1:30:30]} 2. c4 {[%clk 1:30:30]} Nc6 {[%clk
1:30:30]} 3. Nc3 {[%clk 1:30:30]} e5 {[%clk 1:30:30]} 4. d3 {[%clk 1:30:30]} g6
{[%clk 1:30:30]} 5. g3 {[%clk 1:30:30]} Bg7 {[%clk 1:30:30]} 6. Bg2 {[%clk
1:30:30]} Nge7 {[%clk 1:30:30]} 7. O-O {[%clk 1:30:30]} O-O {[%clk 1:30:30]} 8.
e4 {[%clk 1:30:30]} d6 {[%clk 1:30:30]} 9. Ne1 {[%clk 1:30:30]} Rb8 {[%clk
1:30:30]} 10. f4 {[%clk 1:30:30]} a6 {[%clk 1:30:30]} 11. fxe5 {[%clk 1:30:30]}
dxe5 {[%clk 1:30:30]} 12. Be3 {[%clk 1:30:30]} Nd4 {[%clk 1:30:30]} 13. Qd2
{[%clk 1:30:30]} b5 {[%clk 1:30:30]} 14. b3 {[%clk 1:30:30]} Qd7 {[%clk 1:30:30]}
15. Rd1 {[%clk 1:30:30]} Qd6 {[%clk 1:30:30]} 16. h3 {[%clk 1:30:30]} f5 {[%clk
1:30:30]} 17. exf5 {[%clk 1:30:30]} Nexf5 {[%clk 1:30:30]} 18. Ne4 {[%clk
1:30:30]} Qc7 {[%clk 1:30:30]} 19. g4 {[%clk 1:30:30]} Nxe3 {[%clk 1:30:30]} 20.
Rxf8+ {[%clk 1:30:30]} Kxf8 {[%clk 1:30:30]} 21. Qxe3 {[%clk 1:30:30]} bxc4
{[%clk 1:30:30]} 22. dxc4 {[%clk 1:30:30]} Kg8 {[%clk 1:30:30]} 23. Nd3 {[%clk
1:30:30]} Qb6 {[%clk 1:30:30]} 24. Nexc5 {[%clk 1:30:30]} Ne6 {[%clk 1:30:30]}
25. Kf2 {[%clk 1:30:30]} e4 {[%clk 1:30:30]} 26. Nxe6 {[%clk 1:30:30]} Qxe6
{[%clk 1:30:30]} 27. Qxe4 {[%clk 1:30:30]} Qf6+ {[%clk 1:30:30]} 28. Kg1 {[%clk
1:30:30]} Bb7 {[%clk 1:30:30]} 29. Qf4 {[%clk 1:30:30]} Qb6+ {[%clk 1:30:30]} 30.
c5 {[%clk 1:30:30]} Qd8 {[%clk 1:30:30]} 31. Qc4+ {[%clk 1:30:30]} Kh8 {[%clk
1:30:30]} 32. Nf2 {[%clk 1:30:30]} Qf6 {[%clk 1:30:30]} 33. Bxb7 {[%clk 1:30:30]}
Rxb7 {[%clk 1:30:30]} 34. Ne4 {[%clk 1:30:30]} Qf3 {[%clk 1:30:30]} 35. Qd3
{[%clk 1:30:30]} Qf4 {[%clk 1:30:30]} 36. Qd8+ {[%clk 1:30:30]} Bf8 {[%clk
1:30:30]} 37. Qf6+ {[%clk 1:30:30]} Qxf6 {[%clk 1:30:30]} 38. Nxf6 {[%clk
1:30:30]} Bxc5+ {[%clk 1:30:30]} 39. Kg2 {[%clk 1:30:30]} Rf7 {[%clk 1:30:30]}
40. Ne4 {[%clk 1:30:30]} Bb6 {[%clk 1:30:30]} 41. Rd6 {[%clk 1:30:30]} Rb7 {[%clk
1:30:30]} 42. Nf6 {[%clk 1:30:30]} a5 {[%clk 1:30:30]} 43. Rd7 {[%clk 1:30:30]}
Rxd7 {[%clk 1:30:30]} 44. Nxd7 {[%clk 1:30:30]} Bd4 {[%clk 1:30:30]} 45. Nf8
{[%clk 1:30:30]} Bc5 {[%clk 1:30:30]} 46. Ne6 {[%clk 1:30:30]} Bb4 {[%clk
1:30:30]} 47. Kf3 {[%clk 1:30:30]} Kg8 {[%clk 1:30:30]} 48. Ke4 {[%clk 1:30:30]}
Kf7 {[%clk 1:30:30]} 49. Nd8+ {[%clk 1:30:30]} Kf6 {[%clk 1:30:30]} 50. Kf3
{[%clk 1:30:30]} 1/2-1/2

[Event "8th Vellmar Chess Days"]
[Site "chess24.com"]
[Date "2016.07.31"]
[Round "7"]
[White "Retzlaff, Thomas"]
[Black "Helmer, Andreas"]
[Result "1-0"]
[Board "51"]
[WhiteElo "1869"]
[WhiteTeam "SF Fallersleben"]
[WhiteCountry "GER"]
[WhiteFideId "12980633"]
[WhiteEloChange "4"]
[BlackElo "1630"]
[BlackTeam "Hamelner SV"]
[BlackCountry "GER"]
[BlackFideId "12956627"]
[BlackEloChange "-4"]

1. d4 {[%clk 1:30:30]} e6 {[%clk 1:30:30]} 2. Nc3 {[%clk 1:30:30]} d5 {[%clk
1:30:30]} 3. Bf4 {[%clk 1:30:30]} Bb4 {[%clk 1:30:30]} 4. Qd3 {[%clk 1:30:30]}
Bd6 {[%clk 1:30:30]} 5. Qg3 {[%clk 1:30:30]} Bxf4 {[%clk 1:30:30]} 6. Qxf4 {[%clk
1:30:30]} c6 {[%clk 1:30:30]} 7. g4 {[%clk 1:30:30]} Nd7 {[%clk 1:30:30]} 8. Nf3
{[%clk 1:30:30]} Qf6 {[%clk 1:30:30]} 9. Qd6 {[%clk 1:30:30]} Qe7 {[%clk
1:30:30]} 10. Qg3 {[%clk 1:30:30]} Nb6 {[%clk 1:30:30]} 11. Ne5 {[%clk 1:30:30]}
f6 {[%clk 1:30:30]} 12. Nd3 {[%clk 1:30:30]} Nd7 {[%clk 1:30:30]} 13. f4 {[%clk
1:30:30]} Qd6 {[%clk 1:30:30]} 14. Bg2 {[%clk 1:30:30]} b6 {[%clk 1:30:30]} 15.
O-O-O {[%clk 1:30:30]} Bb7 {[%clk 1:30:30]} 16. e4 {[%clk 1:30:30]} Ne7 {[%clk
1:30:30]} 17. e5 {[%clk 1:30:30]} fxe5 {[%clk 1:30:30]} 18. fxe5 {[%clk 1:30:30]}
Qc7 {[%clk 1:30:30]} 19. Rhf1 {[%clk 1:30:30]} Ng6 {[%clk 1:30:30]} 20. Rf2
{[%clk 1:30:30]} Rf8 {[%clk 1:30:30]} 21. Rdf1 {[%clk 1:30:30]} Rxf2 {[%clk
1:30:30]} 22. Rxf2 {[%clk 1:30:30]} Qd8 {[%clk 1:30:30]} 23. g5 {[%clk 1:30:30]}
Qe7 {[%clk 1:30:30]} 24. h4 {[%clk 1:30:30]} O-O-O {[%clk 1:30:30]} 25. h5 {[%clk
1:30:30]} Ngf8 {[%clk 1:30:30]} 26. g6 {[%clk 1:30:30]} h6 {[%clk 1:30:30]} 27.
Rf7 {[%clk 1:30:30]} 1-0

[Event "8th Vellmar Chess Days"]
[Site "chess24.com"]
[Date "2016.07.31"]
[Round "7"]
[White "Pabst, Olaf"]
[Black "Reitz, Theresa"]
[Result "0-1"]
[Board "53"]
[WhiteElo "1613"]
[WhiteTeam "SF Korbach"]
[WhiteCountry "GER"]
[WhiteFideId "24654833"]
[WhiteEloChange "-5"]
[BlackElo "1824"]
[BlackTeam "VfR-SC Koblenz"]
[BlackCountry "GER"]
[BlackFideId "12971901"]
[BlackEloChange "5"]

1. Nc3 {[%clk 1:30:30]} c5 {[%clk 1:30:30]} 2. e4 {[%clk 1:30:30]} e6 {[%clk
1:30:30]} 3. f4 {[%clk 1:30:30]} Nc6 {[%clk 1:30:30]} 4. Nf3 {[%clk 1:30:30]}
Nge7 {[%clk 1:30:30]} 5. Bb5 {[%clk 1:30:30]} g6 {[%clk 1:30:30]} 6. O-O {[%clk
1:30:30]} Bg7 {[%clk 1:30:30]} 7. Bxc6 {[%clk 1:30:30]} Nxc6 {[%clk 1:30:30]} 8.
Ne2 {[%clk 1:30:30]} d6 {[%clk 1:30:30]} 9. c3 {[%clk 1:30:30]} O-O {[%clk
1:30:30]} 10. Kh1 {[%clk 1:30:30]} Qc7 {[%clk 1:30:30]} 11. d3 {[%clk 1:30:30]}
Bd7 {[%clk 1:30:30]} 12. Ng3 {[%clk 1:30:30]} f5 {[%clk 1:30:30]} 13. exf5 {[%clk
1:30:30]} exf5 {[%clk 1:30:30]} 14. Ng5 {[%clk 1:30:30]} Ne7 {[%clk 1:30:30]} 15.
Re1 {[%clk 1:30:30]} Rfe8 {[%clk 1:30:30]} 16. Ne6 {[%clk 1:30:30]} Bxe6 {[%clk
1:30:30]} 17. Rxe6 {[%clk 1:30:30]} Nd5 {[%clk 1:30:30]} 18. Rxe8+ {[%clk
1:30:30]} Rxe8 {[%clk 1:30:30]} 19. Bd2 {[%clk 1:30:30]} Nf6 {[%clk 1:30:30]} 20.
Qf3 {[%clk 1:30:30]} Qf7 {[%clk 1:30:30]} 21. Kg1 {[%clk 1:30:30]} Re7 {[%clk
1:30:30]} 22. Kf1 {[%clk 1:30:30]} Qe8 {[%clk 1:30:30]} 23. Re1 {[%clk 1:30:30]}
Ng4 {[%clk 1:30:30]} 24. Rxe7 {[%clk 1:30:30]} Nxh2+ {[%clk 1:30:30]} 25. Kf2
{[%clk 1:30:30]} Qxe7 {[%clk 1:30:30]} 26. Qe2 {[%clk 1:30:30]} Ng4+ {[%clk
1:30:30]} 27. Kg1 {[%clk 1:30:30]} Qf7 {[%clk 1:30:30]} 28. Be1 {[%clk 1:30:30]}
h6 {[%clk 1:30:30]} 29. Nf1 {[%clk 1:30:30]} Kh7 {[%clk 1:30:30]} 30. Nh2 {[%clk
1:30:30]} Nxh2 {[%clk 1:30:30]} 31. Kxh2 {[%clk 1:30:30]} Qxa2 {[%clk 1:30:30]}
32. Bf2 {[%clk 1:30:30]} Qa4 {[%clk 1:30:30]} 33. g3 {[%clk 1:30:30]} Qb3 {[%clk
1:30:30]} 34. d4 {[%clk 1:30:30]} b6 {[%clk 1:30:30]} 35. dxc5 {[%clk 1:30:30]}
dxc5 {[%clk 1:30:30]} 36. Kg2 {[%clk 1:30:30]} Qd5+ {[%clk 1:30:30]} 37. Kg1
{[%clk 1:30:30]} Qa2 {[%clk 1:30:30]} 38. Be1 {[%clk 1:30:30]} a5 {[%clk
1:30:30]} 39. Kf1 {[%clk 1:30:30]} Qb3 {[%clk 1:30:30]} 40. Kg2 {[%clk 1:30:30]}
a4 {[%clk 1:30:30]} 41. Kf1 {[%clk 1:30:30]} b5 {[%clk 1:30:30]} 42. Kf2 {[%clk
1:30:30]} b4 {[%clk 1:30:30]} 0-1

[Event "8th Vellmar Chess Days"]
[Site "chess24.com"]
[Date "2016.07.31"]
[Round "7"]
[White "Mao, Yvonne"]
[Black "Hofschlag, Dirk"]
[Result "0-1"]
[Board "54"]
[WhiteElo "1733"]
[WhiteTeam "SK Gernsheim"]
[WhiteCountry "GER"]
[WhiteFideId "12942561"]
[WhiteEloChange "-10"]
[BlackElo "1736"]
[BlackTeam "SK Bad Lippspringe"]
[BlackCountry "GER"]
[BlackFideId "12974609"]
[BlackEloChange "10"]

1. e4 {[%clk 1:30:30]} e6 {[%clk 1:30:30]} 2. b3 {[%clk 1:30:30]} d6 {[%clk
1:30:30]} 3. Bb2 {[%clk 1:30:30]} Bd7 {[%clk 1:30:30]} 4. Nf3 {[%clk 1:30:30]}
Nc6 {[%clk 1:30:30]} 5. d4 {[%clk 1:30:30]} Qe7 {[%clk 1:30:30]} 6. Be2 {[%clk
1:30:30]} f6 {[%clk 1:30:30]} 7. O-O {[%clk 1:30:30]} Nh6 {[%clk 1:30:30]} 8. d5
{[%clk 1:30:30]} Nd8 {[%clk 1:30:30]} 9. dxe6 {[%clk 1:30:30]} Nxe6 {[%clk
1:30:30]} 10. Nc3 {[%clk 1:30:30]} Qd8 {[%clk 1:30:30]} 11. Nh4 {[%clk 1:30:30]}
Be7 {[%clk 1:30:30]} 12. f4 {[%clk 1:30:30]} O-O {[%clk 1:30:30]} 13. Bc4 {[%clk
1:30:30]} Kh8 {[%clk 1:30:30]} 14. f5 {[%clk 1:30:30]} Ng5 {[%clk 1:30:30]} 15.
Nd5 {[%clk 1:30:30]} Be8 {[%clk 1:30:30]} 16. Nf4 {[%clk 1:30:30]} c6 {[%clk
1:30:30]} 17. Nf3 {[%clk 1:30:30]} Nhf7 {[%clk 1:30:30]} 18. Nxg5 {[%clk
1:30:30]} Nxg5 {[%clk 1:30:30]} 19. Qd4 {[%clk 1:30:30]} Bd7 {[%clk 1:30:30]} 20.
h4 {[%clk 1:30:30]} Nf7 {[%clk 1:30:30]} 21. g4 {[%clk 1:30:30]} Ne5 {[%clk
1:30:30]} 22. g5 {[%clk 1:30:30]} b6 {[%clk 1:30:30]} 23. gxf6 {[%clk 1:30:30]}
Rxf6 {[%clk 1:30:30]} 24. Be6 {[%clk 1:30:30]} Be8 {[%clk 1:30:30]} 25. Qd1
{[%clk 1:30:30]} Rh6 {[%clk 1:30:30]} 26. h5 {[%clk 1:30:30]} Bh4 {[%clk
1:30:30]} 27. Bxe5 {[%clk 1:30:30]} Qg5+ {[%clk 1:30:30]} 28. Ng2 {[%clk
1:30:30]} dxe5 {[%clk 1:30:30]} 29. Qd6 {[%clk 1:30:30]} Bxh5 {[%clk 1:30:30]}
30. Qxc6 {[%clk 1:30:30]} Qd8 {[%clk 1:30:30]} 31. Nxh4 {[%clk 1:30:30]} Be8
{[%clk 1:30:30]} 32. Ng6+ {[%clk 1:30:30]} hxg6 {[%clk 1:30:30]} 33. Qd5 {[%clk
1:30:30]} Qg5+ {[%clk 1:30:30]} 34. Kf2 {[%clk 1:30:30]} Rd8 {[%clk 1:30:30]} 35.
Qc4 {[%clk 1:30:30]} Rd2+ {[%clk 1:30:30]} 36. Ke1 {[%clk 1:30:30]} Qe3+ {[%clk
1:30:30]} 37. Qe2 {[%clk 1:30:30]} Qxe2# {[%clk 1:30:30]} 0-1